000 00454nam a2200181Ia 4500
008 151018s9999 xx 000 0 und d
082 _bRBASDV2071
_a823
100 _aparsons Anthony
245 _aThe Easton Road Myskey
250 _b1
260 _bThe amalgated Press
300 _a96
600 _aparsons Anthony
630 _aThe Easton Road Myskey
700 _aparsons Anthony
730 _aThe Easton Road Myskey
942 _cBOOK
999 _c1004496
_d1004493